Aplicaciones prácticas del PERT y CPM: nuevos métodos de dirección para planificación, programación y control de proyectos

محفوظ في:
التفاصيل البيبلوغرافية
المؤلف الرئيسي: Yu Chuen-Tao, Luis (مؤلف)
التنسيق: كتاب
اللغة:الإسبانية
منشور في: Bilbao Deusto 1974
الطبعة:5a. ed
سلاسل:Gestión
الموضوعات:
الوسوم: إضافة وسم
لا توجد وسوم, كن أول من يضع وسما على هذه التسجيلة!

MARC

LEADER 00000nam a2200000 a 4500
001 UCQ1084
003 CL-VaPUC
008 980709e19740400SP |||||||||||||||||spa|d
082 0 4 |a 658.4032  |b YUC  |2 21 
100 0 |a Yu Chuen-Tao, Luis  |e author  |9 414626 
245 1 0 |a Aplicaciones prácticas del PERT y CPM: nuevos métodos de dirección para planificación, programación y control de proyectos 
250 |a 5a. ed 
300 |a 166 p 
942 |c BK 
945 |d 19980709 00:00:00  |a cmena 
260 |a Bilbao  |b Deusto  |c 1974 
650 0 |a Administración de empresas   |9 260833 
650 7 |a PLANIFICACION Y CONTROL  |2 CL-VaPUC  |9 414627 
650 0 |a Estadísticas matemáticas  |9 335044 
650 7 |a PERT  |2 CL-VaPUC  |9 326349 
650 7 |a CPM  |2 CL-VaPUC  |9 410069 
650 7 |a METODO GANTT  |2 CL-VaPUC  |9 414628 
650 0 |a Planificación estratégica   |9 259735 
650 0 |a Programación lineal   |9 23 
650 0 |a Operaciones administrativas  |9 335045 
583 |a last modification  |c 19980709 00:00:00  |k Rodrigo Vera 
490 0 |a Gestión 
999 |c 272088  |d 272086 
952 |0 0  |1 0  |4 0  |6 658_403200000000000_YUC_1974  |7 0  |8 A  |9 306943  |a BIBGIM  |b BIBGIM  |d 2019-11-20  |i 143098K  |o 658.4032 YUC 1974  |p 143098K  |r 2025-01-15  |w 2019-11-20  |y BK  |k COM